Представление документа в формате MARC21

Поле Инд. ПП Название Значение
Тип записи a
Библиографический уровень m
001 Контрольный номер RU/IS/BASE/412103099
005 Дата корректировки 20250522120440.9
008 Кодируемые данные 20130121
040 b Код языка каталог. rus
e Правила каталог. PSBO
041 0_ a Код языка текста rus
084 a Индекс другой классификации/Индекс ББК 22.333
090 a Полочн. индекс 22.333
x Авторский знак Л 761
100 1_ a Автор Лонгмайр К.
q Полное имя Лонгмайр Конрад
245 10 a Заглавие Физика плазмы
b Продолж. заглавия элементарный курс
c Ответственность перевод с английского О. П. Бегучева
260 a Место издания Москва
b Издательство Атомиздат
c Дата издания 1966
300 a Объем 342 с.
336 a Термин вида содержания Текст
337 a Термин типа средства непосредственный
504 a Библиография Лит.: с. 323
650 14 a Основная рубрика физика
a Основная рубрика физика плазмы
a Основная рубрика электродинамика
653 0_ a Ключевые слова диффузия
a Ключевые слова законы сохранения
a Ключевые слова Лиувилля уравнение
a Ключевые слова магнитогидродинамические ударные волны
a Ключевые слова магнитогидродинамическое приближение
a Ключевые слова метод орбит
a Ключевые слова плазма
a Ключевые слова пространство скоростей
a Ключевые слова столкновения частиц
a Ключевые слова тормозное излучение
a Ключевые слова устойчивость
a Ключевые слова циклотронное излучение
700 12 a Автор Бегучев О. П.
e Роль лиц переводчик
901 t Тип документа m
952 a Тип литературы для КСУ ВШ НАУ